| 000 | 00000nam##2200000za#4500 |
| 001 | 9.536906 |
| 003 | CaOODSP |
| 005 | 20210615084534 |
| 007 | ta |
| 008 | 150406|2002||||xxc||||| f|0| 0 eng|d |
| 020 | |a0-660-62150-9 |
| 040 | |aCaOODSP|beng |
| 041 | |aeng |
| 041 | |afre |
| 043 | |an-cn--- |
| 086 | 1 |aBT31-4/11-2002 |
| 110 | 1 |aCanada. |bTreasury Board. |
| 245 | 10|aRoyal Canadian Mounted Police |
| 260 | |aOttawa - Ontario : |bTreasury Board of Canada Secretariat |c2002. |
| 300 | |a83p. : |bfigs., graphs, illus., map, organization chart, tables ; |c28 cm. |
| 490 | 1 |aPerformance report for the period ending March 31, 2002 |
| 563 | |aSoftcover |
| 590 | |a02-46|b2002-11-15 |
| 690 | 07|aEstimates|2gcpds |
| 690 | 07|aFederal institutions|2gcpds |
| 690 | 07|aPolice services|2gcpds |
| 776 | 0#|tRoyal Canadian Mounted Police, performance report for the period ending March 31, 2002 |w(CaOODSP)9.572928 |
| 776 | 0#|tGendarmerie royale du Canada, rapport sur le rendement pour la période se terminant le 31 mars 2002 |w(CaOODSP)9.603172 |
| 792 | |tGendarmerie royale du Canada |efre|w(CaOODSP)9.536907 |
| 830 | #0|aPerformance report for the period ending March 31, 2002.|w(CaOODSP)9.510738 |